| 000 | 00929nam a22002057a 4500 | ||
|---|---|---|---|
| 999 |
_c231 _d231 |
||
| 003 | AR-CdUCM | ||
| 008 | 190222b ||||| |||| 00| 0 spa d | ||
| 040 |
_aMUNICIPALIDAD PROVINCIAL DEL CUSCO _cBIBLIOTECA MUNICIPAL DEL CUSCO |
||
| 082 |
_a984.002 / _bC84 |
||
| 100 |
_aCosta de la Torre, Arturo _91019 |
||
| 245 |
_aEl archivo y la biblioteca de Nicolas Acosta en Estados Unidos : _bestudio histórico biográfico / _cCosta de la Torre, Arturo |
||
| 260 |
_aLa Paz - Bolívia : _bEd. Universo, _c1970. |
||
| 300 |
_a203 páginas ; _c20 cm. |
||
| 505 | _aReseña histórica Hispano-Americano -- clasificación de manuscritos -- partida de bautizo de Nicolás Acosta -- fundación de la asociación de abogados de La Paz -- historia de la literatura Boliviana ... | ||
| 650 |
_aHistoria de América del Sur. _91020 |
||
| 650 |
_aBiografía. _922 |
||
| 650 |
_aPolítica. _9291 |
||
| 942 |
_2ddc _cLIBROS |
||
| 945 |
_aachl _d2019-02-22 |
||